Triết lý phát triển ở Việt Nam mấy vấn đề cốt yếu

Tallennettuna:
Bibliografiset tiedot
Päätekijä: Phạm Xuân Nam
Aineistotyyppi: Kirja
Kieli:Undetermined
Julkaistu: Hà Nội Khoa học Xã hội 2005
Aiheet:
Tagit: Lisää tagi
Ei tageja, Lisää ensimmäinen tagi!
Thư viện lưu trữ: Trung tâm Học liệu Trường Đại học Cần Thơ
LEADER 00608nam a2200205Ia 4500
001 CTU_55422
008 210402s9999 xx 000 0 und d
020 |b 65000 
082 |a 335.412597 
082 |b N104 
100 |a Phạm Xuân Nam 
245 0 |a Triết lý phát triển ở Việt Nam mấy vấn đề cốt yếu 
245 0 |c Phạm Xuân Nam 
260 |a Hà Nội 
260 |b Khoa học Xã hội 
260 |c 2005 
650 |a economics management 
650 |x philosophy 
904 |i Hiếu 
980 |a Trung tâm Học liệu Trường Đại học Cần Thơ